000 00837nas a2200265 4500
001 BR0704554
003 BR-BrBNA
005 20231205111128.0
007 ta
008 230509b bl.|||p| |||| 00| 00por d
040 _aBR-BrBNA
_bpor
_cBiblioteca Nacional de Agricultura
041 _a(Pt)
072 _aH10
100 1 _aOliveira, C.A.L.
100 1 _aCampos Neto, R.R.
100 1 _aFernandes, C.B.
245 1 _aEfeito de diferentes volumes de calda no controle do ácaro-da-leprose Brevipalpus phoenicis (Geijskes)em citros
650 _aACARO
650 _aCONTROLE QUÍMICO
650 _aÓXIDO
650 _aLARANJA
773 0 _tAnais da Sociedade Entomológica do Brasil (Brazil)
_xISSN 0301-8059
_g(Mar 1998), v. 27(1) p. 117-124
_wBR0704554
909 _a202311
_bLúcia
_c55
_dLúcia Elande
942 _2AGRIS
_n0
_cANA
999 _c190836
_d190836